Quizzes
Events
Quiz Creation
Community
Videos
Private Events
Remove Ads
Sign In
Join for FREE
Feedback
Dark Mode
Quiz Categories
Sports
Geography
Music
Movies
Television
Just For Fun
Miscellaneous
History
Literature
Language
Science
Gaming
Entertainment
Religion
Holiday
For Kids
Quiz Lab
Recent
Popular Today
Quiz Kudos Today
Editor Picks
Curator Picks
Quizzes by...
Day
Popularity
Type
Ratings
Length
Year
Community
Subscriptions
Recent Discussions
Orange Saloon
Badges
Playlists
Quests
Create
Leaderboards
Showdown
Live 5
Trivia Bingo
Activity
Puzzle Library
Sporcle Events
Private Events
Virtual Trivia
Globe League
Become a Host
Pub Owners
SporcleCon
Opinionation
Our Games
Videos
Blog
Mobile Apps
Partnerships
Remove Ads and Go Orange
Feedback
Sports
Athletes
MLB
NBA
NHL
NFL
Soccer
Sports Teams
WWE
NCAA
Football
Premier League
Basketball
Baseball
Hockey
Golf
Tennis
Cricket
Rugby
Auto Racing
Olympics
World Cup
Sports
Athletes
MLB
NBA
NHL
NFL
Soccer
Sports Teams
WWE
NCAA
Football
Premier League
Basketball
Baseball
Hockey
Golf
Tennis
Cricket
Rugby
Auto Racing
Olympics
World Cup
Random Quiz
Search Sporcle
×
Quiz Lab
Quiz Lab
Sports
Basketball
Type in answers that appear in a list
Type in answers that appear in a list
Classic
Best Score? Go Orange.
Boston Celtics Playoff Leaders Stats
Can you name the Boston Celtics all-time playoff leaders?
By
flibbidy
5m
50 Questions
755 Plays
755 Plays
755 Plays
Comments
Comments
Give Quiz Kudos
Give Quiz Kudos
-
- Ratings
hide this ad
Replay
Link that replays current quiz
Next Quiz
Link to next quiz in quiz playlist
You Got
0%
They Got
Avg Score
86%
Avg Friend Score
Upgrade to see
Score Distribution
Jump to the score distribution portion of the page
Score
0/50
Timer
05:00
0
Plays Today
Hint
player
% Correct
Points
Larry Bird
99.7%
Rebounds
Larry Bird
99.7%
Assists
Larry Bird
99.7%
Steals
Larry Bird
99.7%
Blocks
Larry Bird
99.7%
Points
Bill Russell
99.1%
Rebounds
Bill Russell
99.1%
Assists
Bill Russell
99.1%
Points
Paul Pierce
98.9%
Rebounds
Paul Pierce
98.9%
Assists
Paul Pierce
98.9%
Steals
Paul Pierce
98.9%
Blocks
Paul Pierce
98.9%
Points
Kevin McHale
97.6%
Rebounds
Kevin McHale
97.6%
Rebounds
Kevin Garnett
97.6%
Steals
Kevin Garnett
97.6%
Blocks
Kevin McHale
97.6%
Blocks
Kevin Garnett
97.6%
Points
Robert Parish
95.6%
Rebounds
Robert Parish
95.6%
Steals
Robert Parish
95.6%
Blocks
Robert Parish
95.6%
Assists
Rajon Rondo
94.7%
Steals
Rajon Rondo
94.7%
Hint
player
% Correct
Points
John Havlicek
93.6%
Rebounds
John Havlicek
93.6%
Assists
John Havlicek
93.6%
Points
Bob Cousy
92.7%
Assists
Bob Cousy
92.7%
Steals
Ray Allen
91.5%
Points
Sam Jones
87.5%
Assists
KC Jones
87.3%
Points
Dennis Johnson
82%
Assists
Dennis Johnson
82%
Steals
Dennis Johnson
82%
Blocks
Dennis Johnson
82%
Rebounds
Dave Cowens
77.2%
Steals
Dave Cowens
77.2%
Blocks
Dave Cowens
77.2%
Blocks
Kendrick Perkins
74.9%
Assists
Danny Ainge
74%
Steals
Danny Ainge
74%
Assists
Jo Jo White
73.5%
Points
Tom Heinsohn
73.1%
Rebounds
Tom Heinsohn
73.1%
Blocks
Cedric Maxwell
51.6%
Rebounds
Paul Silas
37.7%
Steals
Gerald Henderson
18.6%
Blocks
Tony Battie
17.9%
Quiz Playlist
Details
Report
Send in Message
Add To Playlist
Classic:
Type in answers that appear in a list
Last Updated: Feb 16, 2017
Quiz Scoreboard
CHALLENGE
Sign Up to Join the Scoreboard
Show All
Scores
Hide
Comments
May contain spoilers
Recently Published
Movies - When Are They Set?
by FPL_Elf
Movies
5m
Popular People in 1961
by mucciniale
History
6m
1-10 Letter E Words III
by El_Dandy
Language
2m
More to Explore
Quiz From the Vault
Featured Blog Post
Where Did the Easter Bunny Come From?
hide this ad
You Might Also Like...
Tags
Basketball Quiz
NBA Quiz
Boston Celtics
Today's Top Quizzes in Sports
Browse Sports
hide this ad
Today's Top Quizzes in Basketball
Browse Basketball
Top Contributed Quizzes in Sports
1
Les meilleurs buteurs des matchs entre le PSG et l’OM
2
2022 World Cup Stars
3
FIFA Club World Cup Champions
4
Les entraîneurs de l'OM et du PSG au 21e siècle
5
Name the Premier League winners with different clubs
6
La finale Lions - Afrique du Sud 2021
7
Criteria MLB: Left Handed Sluggers
8
Les joueurs passés par le LOSC et le RC Lens
9
Players with Multiple 50 Home Run Seasons
10
MLB Players with Two .350 Batting Average Seasons
Explore More
Trending Topics
Kpop
NBA
Marvel
Crossword
Anime
Disney
Harry Potter
NFL
WWE
Puzzle
The Office
Pokémon
Song
Country
Soccer
hide this ad
More By:
flibbidy
Quiz
Plays
Rating
Category
Featured
Created
Explain a Film Plot Badly
229,145
4.17
Movies
Feb 23, 2016
Millionaire: NBA Finals Edition
114,366
3.22
Sports
May 5, 2017
Explain a Film Plot Badly VI
109,261
4.32
Movies
Nov 25, 2016
Explain a Film Plot Badly V
94,262
3.88
Movies
Apr 7, 2016
NBA Finals Game Top Scorers (2000s)
88,632
4.72
Sports
Apr 9, 2017
Go to Creator's Profile
Score Distribution
Quiz Creator Spotlight
flibbidy
Follow
Send a Message
Quizzes Created
-
Created Quiz Play Count
-
More By This Creator
Popular Quizzes Today
1
Find the Countries of Europe - No Outlines Minefield
2
Find the US States - No Outlines Minefield
3
The Countries of the World
4
Popular People in 1961
5
US States
6
1-10 Letter E Words III
7
Find the US States
8
One Thing in Common: World Cities II
More Sports Quizzes
NFL Defensive Players MVP votes
Curator's Pick
Trending Quizzes
Risky Map Clicking: Least Populous States A-Z
1-10 Letter F Words
1-10 Letter G Words
One Thing in Common: United Kingdom
Risky Map Clicking: Next State Alphabetically
Recently Updated
Leaping Animals
pecheneg
Reality TV Shows (A-Z)
bhenderson79
Rickey Henderson's Hall of Fame Teammates
pecheneg
Champions League XIs: Arsenal
pecheneg
Quick Pick: Celebrities in WWE's Hall of Fame
aduchscher
A-Z Keypad Blitz II
pecheneg
Multiple Oscar Actors
pecheneg
Mystery Phrase Blitz: Oscar 'Best Actors'
pecheneg
F. Scott Fitzgerald Novels
LTH
Pick 3 Villains
ddd62291
Trending Topics
NBA
Kpop
Marvel
Anime
Disney
Crossword
Harry Potter
NFL
The Office
Pokémon
Country
WWE
Puzzle
Soccer
Song
Your Account Isn't Verified!
In order to create a playlist on Sporcle, you need to verify the email address you used during registration. Go to your
Sporcle Settings
to finish the process.
Report this User
Report this user for behavior that violates our
Community Guidelines
.
Details:
Send Report
Go to the Sporcle.com Mobile Site →
Comments